| 000 | 00711cam a2200193 a 4500 | ||
|---|---|---|---|
| 020 | _a0471528072 (alk. paper) | ||
| 050 | 0 | 0 |
_aRC 480.5 _b.M54 1999 |
| 100 | 1 | _aMillon, Theodore. | |
| 245 | 1 | 0 |
_aPersonality-guided therapy / _cTheodore Millon ; with contributing associates, Seth Grossman ... [ et al.] ; foreword by Roger D. Davis. |
| 260 |
_aNew York : _bJ. Wiley, _cc1999. |
||
| 300 | _axvi, 776 p. : | ||
| 650 | 0 | _vHandbooks, manuals, etc. | |
| 650 | 0 |
_xTreatment _vHandbooks, manuals, etc. |
|
| 650 | 1 | 2 | _xmethods. |
| 700 | 1 | _aGrossman, Seth. | |
| 856 | 4 | 2 | _uhttp://www.loc.gov/catdir/description/wiley032/99010439.html |
| 856 | 4 | _uhttp://www.loc.gov/catdir/toc/onix03/99010439.html | |
| 942 |
_2lcc _cGEN |
||
| 999 |
_c4165 _d4165 |
||